Final Fantasy XIV - Statistics

General Stats
  • This quiz has been taken 300 times
  • The average score is 30 of 43
Answer Stats
Hint Answer % Correct
Name the four Disciple categories. War
94%
Name the five playable races. Hyur
90%
Black Mage
88%
In what land does the action take place? Eorzea
87%
Magic
87%
Paladin
87%
White Mage
87%
Warrior
86%
Lalafell
85%
Conjurer
84%
What year was Final Fantasy XIV re-released? 2013
82%
What is the subtitle for Final Fantasy XIV's relaunch? A Realm Reborn
82%
What platform was Final Fantasy XIV originally released on? Microsoft Windows
82%
Miqo'te
82%
What year was Final fantasy XIV released? 2010
81%
Hand
81%
Land
78%
What magical substance flows through the planet and every creature on it? Aether
77%
Name all of the classes available. Archer
77%
Dragoon
77%
Elezen
76%
Gladiator
76%
Lancer
76%
Name the seven jobs available. Bard
75%
Monk
75%
Pugilist
72%
Thaumaturge
72%
Marauder
71%
What empire seeks world domination? Garlean Empire
62%
Roegadyn
61%
Fisher
54%
Miner
54%
Blacksmith
53%
Botanist
50%
Carpenter
48%
Culinarian
48%
Goldsmith
48%
Leatherworker
48%
Armorer
46%
Weaver
46%
Alchemist
43%
Who composed the music for Final Fantasy XIV? Nobuo Uematsu
38%
What group of intelligent but monstrous clans hates humanoids? Beastmen
17%
No matching quizzes found
Score Distribution
Percent of People with Each Score
Percentile by Number Answered
Your Score History
You have not taken this quiz